000 00587nam a22002177a 4500
003 OSt
005 20140310183034.0
008 130219t xxu||||| |||| 00| 0 eng d
020 _a9710867393
050 _aQ 161.2
_b.C357 2007
082 _aFIL 500.2
_bC357 2007
245 _aLaboratory manual physical science
_cCatchillar, Gerry C.
260 _aMandaluyong City
_bNational Book Store
_c2007
300 _a247 p.
_c25.2 cm.
521 _acollege students
526 _c1210L-1700L
541 _j1
541 _j2
562 _e2
942 _2lcc
_cBK
_kFIL
999 _c18468
_d18468